<?xml version="1.0" encoding="UTF-8"?>
<record
    xmlns:xsi="http://www.w3.org/2001/XMLSchema-instance"
    xsi:schemaLocation="http://www.loc.gov/MARC21/slim http://www.loc.gov/standards/marcxml/schema/MARC21slim.xsd"
    xmlns="http://www.loc.gov/MARC21/slim">

  <leader>01210nam a22002537a 4500</leader>
  <controlfield tag="005">20170124103133.0</controlfield>
  <datafield tag="010" ind1=" " ind2=" ">
    <subfield code="a">B-055402</subfield>
  </datafield>
  <datafield tag="020" ind1=" " ind2=" ">
    <subfield code="c">60.00</subfield>
  </datafield>
  <datafield tag="035" ind1=" " ind2=" ">
    <subfield code="a">B-055402</subfield>
  </datafield>
  <datafield tag="037" ind1=" " ind2=" ">
    <subfield code="b">Cen Lib/Ret</subfield>
  </datafield>
  <datafield tag="040" ind1=" " ind2=" ">
    <subfield code="a">DPL</subfield>
    <subfield code="b">HN</subfield>
  </datafield>
  <datafield tag="082" ind1=" " ind2=" ">
    <subfield code="a">370.92</subfield>
    <subfield code="b">&#x92A;&#x930;&#x92E;&#x947;</subfield>
  </datafield>
  <datafield tag="100" ind1=" " ind2=" ">
    <subfield code="a">&#x92A;&#x930;&#x92E;&#x947;&#x936;&#x94D;&#x935;&#x930; &#x92A;&#x94D;&#x930;&#x938;&#x93E;&#x926; &#x938;&#x93F;&#x902;&#x939; </subfield>
    <subfield code="9">197</subfield>
  </datafield>
  <datafield tag="245" ind1=" " ind2=" ">
    <subfield code="a">&#x92D;&#x93E;&#x930;&#x924; &#x915;&#x947; &#x92E;&#x939;&#x93E;&#x928; &#x936;&#x93F;&#x915;&#x94D;&#x937;&#x93E;-&#x936;&#x93E;&#x938;&#x94D;&#x924;&#x94D;&#x930;&#x940; /</subfield>
    <subfield code="c">&#x92A;&#x930;&#x92E;&#x947;&#x936;&#x94D;&#x935;&#x930; &#x92A;&#x94D;&#x930;&#x938;&#x93E;&#x926; &#x938;&#x93F;&#x902;&#x939; </subfield>
  </datafield>
  <datafield tag="246" ind1=" " ind2=" ">
    <subfield code="a">Bharat ke mahan shiksha-shastri /</subfield>
    <subfield code="b">by Parmeshwar Prasad Singh </subfield>
  </datafield>
  <datafield tag="260" ind1=" " ind2=" ">
    <subfield code="b">&#x938;&#x928;&#x94D;&#x92E;&#x93E;&#x930;&#x94D;&#x917; &#x92A;&#x94D;&#x930;&#x915;&#x93E;&#x936;&#x928; </subfield>
    <subfield code="a">&#x926;&#x93F;&#x932;&#x94D;&#x932;&#x940;  </subfield>
    <subfield code="c">1997</subfield>
  </datafield>
  <datafield tag="270" ind1=" " ind2=" ">
    <subfield code="a">16, &#x92F;&#x942;.&#x92C;&#x940;.&#x92C;&#x948;&#x902;&#x917;&#x932;&#x94B; &#x930;&#x94B;&#x921;, &#x91C;&#x935;&#x93E;&#x939;&#x930; &#x928;&#x917;&#x930;  </subfield>
    <subfield code="b">&#x926;&#x93F;&#x932;&#x94D;&#x932;&#x940;  </subfield>
    <subfield code="e">110007</subfield>
  </datafield>
  <datafield tag="300" ind1=" " ind2=" ">
    <subfield code="a">128&#x92A;&#x943;. </subfield>
    <subfield code="c">17&#x938;&#x947;&#x92E;&#x940;(&#x938;&#x91C;&#x93F;&#x932;&#x94D;&#x926;)</subfield>
  </datafield>
  <datafield tag="650" ind1=" " ind2=" ">
    <subfield code="a">&#x92E;&#x939;&#x93E;&#x924;&#x94D;&#x92E;&#x93E; &#x917;&#x93E;&#x902;&#x927;&#x940; -- &#x936;&#x93F;&#x915;&#x94D;&#x937;&#x93E;-&#x936;&#x93E;&#x938;&#x94D;&#x924;&#x94D;&#x930;&#x940; </subfield>
    <subfield code="9">81354</subfield>
  </datafield>
  <datafield tag="650" ind1=" " ind2=" ">
    <subfield code="a">&#x935;&#x93F;&#x928;&#x94B;&#x92C;&#x93E; &#x92D;&#x93E;&#x935;&#x947; -- &#x936;&#x93F;&#x915;&#x94D;&#x937;&#x93E;-&#x936;&#x93E;&#x938;&#x94D;&#x924;&#x94D;&#x930;&#x940; </subfield>
    <subfield code="9">84636</subfield>
  </datafield>
  <datafield tag="650" ind1=" " ind2=" ">
    <subfield code="a">Mahatma Gandhi - scholar</subfield>
    <subfield code="9">84637</subfield>
  </datafield>
  <datafield tag="650" ind1=" " ind2=" ">
    <subfield code="a">Vinoba Bhave - scholar</subfield>
    <subfield code="9">84638</subfield>
  </datafield>
  <datafield tag="942" ind1=" " ind2=" ">
    <subfield code="2">ddc</subfield>
    <subfield code="c">HN</subfield>
    <subfield code="h">370.92</subfield>
    <subfield code="m">&#x92A;&#x930;&#x92E;&#x947;</subfield>
  </datafield>
  <datafield tag="999" ind1=" " ind2=" ">
    <subfield code="c">119385</subfield>
    <subfield code="d">119385</subfield>
  </datafield>
  <datafield tag="952" ind1=" " ind2=" ">
    <subfield code="0">0</subfield>
    <subfield code="1">0</subfield>
    <subfield code="4">0</subfield>
    <subfield code="7">0</subfield>
    <subfield code="a">L</subfield>
    <subfield code="b">L</subfield>
    <subfield code="d">2015-09-16</subfield>
    <subfield code="e">Cen Lib/Ret</subfield>
    <subfield code="g">60.00</subfield>
    <subfield code="l">1</subfield>
    <subfield code="o">370.92 &#x92A;&#x930;&#x92E;&#x947;</subfield>
    <subfield code="p">B-055402</subfield>
    <subfield code="r">2018-09-29 00:00:00</subfield>
    <subfield code="s">2018-09-25</subfield>
    <subfield code="t">1</subfield>
    <subfield code="v">60.00</subfield>
    <subfield code="w">2015-09-16</subfield>
    <subfield code="y">HN</subfield>
  </datafield>
</record>
